Nom de pays en Espagnol - Statistiques

Statistiques générales
  • Ce quiz a été pris 95 fois
  • Le résultat moyen est 18 sur 20
Statistiques - réponses
Espagnol Français % Correct
Alemania Allemagne
100%
España Espagne
100%
Francia France
100%
Grecia Grèce
100%
Marruecos Maroc
100%
República Dominicana République Dominicaine
100%
Eslovenia Slovénie
99%
Túnez Tunisie
99%
Suiza Suisse
98%
Sudán del Sur Soudan du Sud
95%
Islas Salomón Îles Salomon
93%
Países Bajos Pays-Bas
92%
Suecia Suède
91%
Reino Unido Royaume-Uni
90%
Tayikistán Tadjikistan
88%
Yibuti Djibouti
86%
San Cristóbal y Nieves Saint-Christophe-et-Niévès
83%
Dinamarca Danemark
80%
Argelia Algérie
71%
Costa de Marfil Côte d'Ivoire
51%
Aucun quiz correspondant
Distribution des résultats
% des personnes avec chaque résultat
Percentile par nombre de réponses
Votre historique - résultats
Vous n’avez pas pris ce quiz